000 01015nam a22003617a 4500
001 BR0804597
003 BR-BrBNA
005 20230928102642.0
007 ta
008 230509b bl.||||| |||| 00| 0 por d
040 _aBR-BrBNA
_bpor
_cBiblioteca Nacional de Agricultura
041 _a(Por)
072 _aF01; S30
_b0190
090 _ 0190 BR0804597
100 1 _aSpehar, C.R.(ed.)
110 1 _aEMBRAPA Cerrados, Planaltina, DF (Brasil)
245 1 _aQuinoa; alternativa para a diversificação agrícola e alimentar
260 3 _aPlanaltina, DF (Brasil):
_c2007.
300 _a103 p.
500 _aBibliography p. 92-96; 16 tables
650 _aQUINOA
650 _aPLANTIO
650 _aMELHORAMENTO GENÉTICO VEGETAL
650 _aREPRODUÇÃO VEGETAL
650 _aEXIGÊNCIA NUTRICIONAL
650 _aADUBAÇÃO
650 _aSEMEADURA
650 _aARMAZENAMENTO
650 _aCULINÁRIA
650 _aNUTRIÇÃO HUMANA
909 _a202309
_bLucia
_c55
_dLucia Elande
942 _cBK
999 _c71874
_d71874